Statystyki dla Państwa Azji rozpoczynające się na samogłoski.

Kliknij tutaj aby rozwiązać quiz!

Ogólne statystyki

  • Ten quiz został rozwiązany 54 razy
  • Średni wynik to 10 z 11

Statystyki odpowiedzi

Odpowiedź% Poprawnych
4.Azerbejdżan
94%
5.Indie
92%
6.Indonezja
92%
7.Irak
92%
8.Iran
92%
3.Armenia
90%
10.Oman
90%
2.Arabia Saudyjska
88%
1.Afganistan
82%
11.Uzbekistan
82%
9.Izrael
76%

Rozkład punktacji

Percentyl według liczby udzielonych odpowiedzi

Procent ludzi z każdym wynikiem

Twoja historia wyników

Nie rozwiązałeś tego quizu